[Event "Queenstown op"]
[Site "Queenstown"]
[Date "2012.01.21"]
[Round "7"]
[White "Rains, Timothy"]
[Black "Zhang, William Jie Wen"]
[Result "0-1"]
[WhiteElo "1737"]
[BlackElo "1849"]
[PlyCount "102"]
[EventDate "2012.01.15"]
[EventType "swiss"]
[EventRounds "9"]
[EventCountry "NZL"]
[SourceTitle "CBM 146 Extra"]
[Source "ChessBase"]
[SourceDate "2012.02.29"]
[SourceVersion "1"]
[SourceVersionDate "2012.02.29"]
[SourceQuality "1"]

1. d4 Nf6 2. c4 g6 3. Nc3 Bg7 4. Nf3 0-0 5. Bf4 d6 6. e3 b6 7. Be2 Bb7 8. 0-0 Nbd7 9. a4 a5 10. h3 e6 11. Qc2 Re8 12. Bg5 h6 13. Bh4 e5 14. d5 Nc5 15. e4 Rf8 16. Nd2 Bc8 17. f3 g5 18. Bf2 Nh5 19. Kh2 f5 20. g4 fxg4 21. fxg4 Nf4 22. Bxc5 bxc5 23. Bf3 Bd7 24. Nb5 h5 25. Rg1 Kf7 26. Kg3 Qc8 27. Raf1 Ke7 28. Nb3 Nxh3 29. Rh1 Bxg4 30. Bg2 Nf4 31. Qd2 Be2 32. Rf2 Qg4+ 33. Kh2 Qh4+ 34. Kg1 Nh3+ 35. Rxh3 Qxf2+ 36. Kh1 Bg4 37. Rd3 Qxd2 38. Nxd2 Kd7 39. Nc3 Rab8 40. b3 Rf7 41. Kg1 Rbf8 42. Kh2 h4 43. Kg1 Bh5 44. Nb5 g4 45. Na7 h3 46. Bf1 Bh6 47. Be2 Rf2 48. Nf1 Rxe2 49. Ng3 Rg2+ 50. Kh1 Bg6 51. Re3 Bxe3 0-1